[Event "23rd Hoogeveen Open 2019"]
[Site "Hoogeveen"]
[Date "2019.10.24"]
[Round "7.30"]
[White "Djukic, Sandra"]
[Black "Otten, Martijn"]
[Result "1-0"]
[WhiteElo "2179"]
[BlackElo "2101"]
[Annotator "NA RC"]
[PlyCount "109"]
[EventDate "2019.10.19"]
[EventType "swiss"]
[EventCountry "NED"]
[SourceTitle "playchess.com"]
[Source "ChessBase"]
[SourceQuality "1"]
[TimeControl "40/5400+30:1800+30"]

1. d4 {[%emt 0:00:00]} d5 {[%emt 0:00:00]} 2. c4 {[%emt 0:00:00]} c6 {[%emt 0:00:00]} 3. Nf3 {[%emt 0:00:00]} Nf6 {[%emt 0:00:00]} 4. e3 {[%emt 0:00:03]} Bf5 {[%emt 0:00:00]} 5. Nc3 {[%emt 0:04:10]} e6 {[%emt 0:00:00]} 6. Nh4 {[%emt 0:00:56]} Be4 {[%emt 0:00:00]} 7. f3 {[%emt 0:01:00]} Bg6 {[%emt 0:01:01]} 8. Qb3 {[%emt 0:05:47]} Qc7 {[%emt 0:00:05]} 9. Nxg6 {[%emt 0:09:29]} hxg6 {[%emt 0:01:10]} 10. f4 {[%emt 0:18:43]} Be7 {[%emt 0:07:22]} 11. Be2 {[%emt 0:05:17]} Nbd7 {[%emt 0:03:39]} 12. Bd2 {[%emt 0:07:56]} dxc4 {[%emt 0:08:11]} 13. Qxc4 {[%emt 0:01:31]} a6 {[%emt 0:05:37]} 14. Rc1 {[%emt 0:19:29]} g5 {[%emt 0:07:48]} 15. b4 {[%emt 0:14:43]} gxf4 {[%emt 0:02:16]} 16. exf4 {[%emt 0:00:26]} Nb6 {[%emt 0:00:29]} 17. Qb3 {[%emt 0:01:07]} Qd6 {[%emt 0:00:47]} 18. d5 {[%emt 0:03:51]} Nbxd5 {[%emt 0:05:18]} 19. O-O {[%emt 0:00:53]} g5 {[%emt 0:11:46]} 20. Rcd1 {[%emt 0:03:35]} Qc7 {[%emt 0:05:57]} 21. Nxd5 {[%emt 0:00:28]} Nxd5 {[%emt 0:01:22]} 22. g3 {[%emt 0:01:01]} Rg8 {[%emt 0:12:45]} 23. f5 {[%emt 0:00:22]} e5 {[%emt 0:07:18]} 24. Kg2 {[%emt 0:00:36]} O-O-O {[%emt 0:08:05]} 25. a4 {[%emt 0:00:14]} e4 {[%emt 0:04:42]} 26. b5 {[%emt 0:00:23]} axb5 {[%emt 0:00:52]} 27. axb5 {[%emt 0:00:04]} Nf4+ {[%emt 0:00:43]} 28. gxf4 {[%emt 0:00:23]} gxf4+ {[%emt 0:00:03]} 29. Kh1 {[%emt 0:00:04]} f3 {[%emt 0:00:52]} 30. Bxf3 {[%emt 0:01:31]} Rh8 {[%emt 0:01:40]} 31. Rf2 {[%emt 0:00:04]} Rd3 {[%emt 0:01:31]} 32. Qb2 {[%emt 0:01:07]} Rh4 {[%emt 0:01:25]} 33. Rg1 {[%emt 0:00:41]} Rxf3 {[%emt 0:00:53]} 34. Rg8+ {[%emt 0:00:23]} Kd7 {[%emt 0:01:11]} 35. Qd4+ {[%emt 0:00:24]} Bd6 {[%emt 0:01:07]} 36. b6 {[%emt 0:00:34]} Rxf2 {[%emt 0:01:20]} 37. Qxf2 {[%emt 0:00:26]} Rxh2+ {[%emt 0:00:32]} 38. Qxh2 {[%emt 0:00:04]} Bxh2 {[%emt 0:00:02]} 39. bxc7 {[%emt 0:00:06]} Bxc7 {[%emt 0:00:02]} 40. Bb4 {[%emt 0:00:55]} Bd6 {[%emt 0:01:00]} 41. Bxd6 {[%emt 0:05:17]} Kxd6 {[%emt 0:00:56]} 42. Kg2 {[%emt 0:01:40]} Ke5 {[%emt 0:01:57]} 43. Kf2 {[%emt 0:08:58]} Kxf5 {[%emt 0:01:52]} 44. Re8 {[%emt 0:01:53]} Kf4 {[%emt 0:01:33]} 45. Re7 {[%emt 0:01:51]} f5 {[%emt 0:01:08]} 46. Rxb7 {[%emt 0:02:02]} Ke5 {[%emt 0:00:10]} 47. Rc7 {[%emt 0:07:39]} Kd5 {[%emt 0:01:38]} 48. Ke3 {[%emt 0:00:23]} c5 {[%emt 0:00:40]} 49. Rc8 {[%emt 0:01:48]} c4 {[%emt 0:05:10]} 50. Rc7 {[%emt 0:00:30]} f4+ {[%emt 0:02:17]} 51. Kxf4 {[%emt 0:00:05]} Kd4 {[%emt 0:00:04]} 52. Rd7+ {[%emt 0:00:30]} Kc3 {[%emt 0:00:07]} 53. Kxe4 {[%emt 0:00:43]} Kb2 {[%emt 0:00:04]} 54. Rc7 {[%emt 0:00:37]} c3 {[%emt 0:00:29]} 55. Kd3 {[%emt 0:00:05]} 1-0

[Event "23rd Hoogeveen Open 2019"]
[Site "Hoogeveen"]
[Date "2019.10.24"]
[Round "7.31"]
[White "Taams, Sander"]
[Black "De Boer, Bas"]
[Result "1/2-1/2"]
[WhiteElo "2094"]
[BlackElo "2142"]
[Annotator "TA"]
[PlyCount "166"]
[EventDate "2019.10.19"]
[EventType "swiss"]
[EventCountry "NED"]
[SourceTitle "playchess.com"]
[Source "ChessBase"]
[SourceQuality "1"]

{[%evp 10,166,9,9,91,0,0,-20,-6,0,0,-4,48,47,54,24,46,27,9,17,70,-32,-16,-27,-25,-15,-18,-60,-65,-40,0,0,0,0,0,0,0,0,110,97,133,110,70,0,250,233,376,383,487,362,341,351,320,175,293,22,401,380,541,336,300,0,375,0,310,143,208,45,230,241,377,191,161,0,0,0,0,0,0,0,0,0,0,0,0,-65,0,-57,0,-56,0,-65,-66,-61,-59,-72,-72,-110,-77,-76,-77,-102,-70,-62,-32,-32,-16,-45,-46,-131,-36,-150,-141,-190,-207,-279,-262,-261,-179,-282,-151,-202,-204,-268,-153,-152,-120,-127,-80,-160,-139,-140,-134,-132,-126,-131,-70,-147,-60,-60,-60,-60,-18,-60,-60,-60,-25,-25,-25,-57,-51,-48,-18,-18,-18,-26,0,0,0]} 1. e4 c5 2. Nf3 e6 3. Nc3 Nc6 4. Bb5 Nd4 5. Bd3 a6 6. O-O b5 {B30: Sicilian: 2...Nc6 3 Bb5, lines without ...g6} (6... Nxf3+ $11 7. Qxf3 Bd6) (6... Nc6 7. a3 b5 8. Re1 Bb7 9. Bf1 Nf6 10. d4 cxd4 11. Nxd4 Nxd4 12. Qxd4 Qc7 13. e5 Nd5 14. Nxd5 Bxd5 {½-½ (65) Guseinov,G (2664)-Saric,I (2690) chess.com INT 2019}) 7. b3 (7. Nxd4 $16 cxd4 8. Ne2) 7... Bb7 $11 8. Bb2 $146 ({Predecessor:} 8. Nxd4 cxd4 9. Ne2 e5 10. Bb2 d5 11. Ng3 Nf6 12. f4 exf4 13. Rxf4 Bd6 14. e5 Bxe5 {1-0 (27) Nguyen,K (1986)-Dijkhuis,S (2126) Groningen 2014}) 8... Nf6 9. Nxd4 cxd4 10. Ne2 e5 (10... Nxe4 $11 11. Nxd4 Nc5) 11. f4 $14 d6 12. Ng3 h5 13. Qe2 h4 14. Nf5 g6 (14... h3 $11) 15. Nxd4 ({Only move:} 15. fxe5 $14 dxe5 16. Nxd4 $1 {[%mdl 512]}) 15... exd4 $15 16. e5 dxe5 17. fxe5 Nh5 $1 {With the idea ...Qd5.} (17... Nd7 $6 18. e6 $1 $16 {[%mdl 512]}) 18. e6 f5 {[#]} 19. Bxb5+ $1 {[%mdl 512]} Ke7 (19... axb5 20. Qxb5+) 20. Bd7 Qa5 21. Bxd4 Bg7 22. Bxg7 $1 Nxg7 23. Qe3 $1 $36 {[%mdl 2048] White has some pressure.} Rh5 (23... h3 $11 24. Qg5+ Kd6) 24. c4 $16 (24. Qd4 $6 Rg8 $11) 24... Ne8 25. Bxe8 Rxe8 26. d4 (26. Rae1 $14) 26... Be4 $2 (26... Qb6 $1 $11) 27. d5 $18 {Hoping for Qa7+.} Rc8 (27... Kd8 $142 28. Rf2 (28. Qa7 Qc7 $16) 28... h3) 28. Rad1 Rhh8 29. Qa7+ Kd6 30. Qd7+ Ke5 31. Qg7+ Kd6 32. h3 $2 (32. Rf2 $18) 32... Qc7 $4 {[%mdl 8192]} (32... Qxa2 $11 {and Black has nothing to worry.} 33. Rf2 Qxb3 34. c5+ Rxc5 35. Qd7+ Ke5 36. Qg7+ Kd6 37. Qd7+ Ke5 38. Qg7+ Kd6) 33. Qf6 (33. e7 Qxe7 34. c5+ (34. Qxg6+ Kd7 $11) 34... Kd7 $18) 33... Qe7 (33... Qc5+ $142 34. Rf2 a5) 34. Qb2 Qc7 35. Qf6 $2 (35. Kh1 $18) 35... Rcf8 $2 {[%mdl 8192]} (35... Qe7 $1 $11 36. c5+ {[%mdl 64] Deflection} Rxc5 37. Qxh8 Rxd5 38. Rxd5+ Kxd5) 36. Qb2 Rc8 $1 37. Rc1 (37. Kh1 $18 {and White stays clearly on top.}) 37... Qc5+ $16 38. Kh1 $2 ({White has to play} 38. Rf2 $1 $18 Qe3 39. Qa1) 38... a5 $2 (38... Qe3 $1 $14) 39. Rfe1 $18 ({Weaker is} 39. Qg7 Rhg8 $14) 39... Rhf8 (39... Rh7 $142 40. Rcd1 Rd8) 40. Qd2 (40. a3 $142) 40... g5 41. Qxg5 $2 (41. a3 $1 $18 Qxa3 42. Qxg5) 41... Qf2 $1 $11 42. Rf1 Qg3 43. Qxg3+ $1 hxg3 44. Rfe1 Rh8 45. Kg1 Ke5 46. Rc3 Rhg8 47. Rce3 (47. Rd1 $11) 47... Rb8 ({Black should try} 47... a4 $1 $15) 48. Kf1 (48. a4 $11) 48... Rb7 (48... a4 $1 $15) 49. R1e2 (49. Rd1 $11) 49... Kd4 (49... a4 $1 $15) 50. d6 (50. a4 $1 $11) 50... Ke5 $1 $15 {[%csl LRd6,LRe6][%mdl 64] Double Attack} 51. e7 {aiming for Rxg3!} Kxd6 52. Rxg3 Re8 53. Rd2+ Kc5 54. Rg5 Rbxe7 55. g4 Kb4 56. gxf5 Kc3 57. Rf2 Bc6 {[%csl Ge8][%cal Re7e1][%mdl 1024] Black has compensation.} 58. Rg3+ Kb4 {[%csl Ge8][%cal Re7e1]} 59. Rd2 {[#]} ({Better is} 59. Kg1 $1 $15) 59... Re1+ $1 $17 60. Kf2 {[#]} Rh1 $1 {[%cal Rh1h2] Strongly threatening ...Rh2+.} 61. Rgd3 Rf8 62. Ke3 Rxf5 {Threatens to win with ...Re1+.} 63. Kd4 {intending a3+!} Ra1 64. Rg3 (64. Re3 {keeps fighting.}) 64... Rh5 (64... Rf8 $19 65. Rg6 Re1 66. a3+ Kxb3 67. Rd3+ Kc2 68. Rc3+ Kb2) 65. Rg8 (65. Re3 $17) 65... Rh4+ $19 ({Worse is} 65... Rxh3 66. Rb8+ Ka3 67. Kc5 $15) 66. Ke5 Kc5 ({But not} 66... Rxh3 67. Kd6 $19) (66... Re1+ $19 67. Kf6 Rf1+ 68. Ke7 Rh7+ 69. Ke6 Rxh3) 67. Rg5 $17 Re1+ 68. Kf6+ Kb4 69. a3+ ({White should play} 69. Rd6 Rh6+ 70. Rg6 Rxg6+ 71. Kxg6) 69... Kxa3 {White must now prevent ...Rf4+.} 70. Rxa5+ Kxb3 71. Rd3+ Kxc4 72. Rg3 Rf4+ (72... Be4 $17 {And now ...Rh6+ would win.} 73. Rg4 Rh6+ 74. Kg5 Rxh3) 73. Kg5 (73. Rf5 $15 Rd4 74. Rg4) 73... Rfe4 (73... Rf8 $17 {...Rg8+ is the strong threat.} 74. Rg4+ Kb3) 74. Rg4 $15 Rxg4+ 75. hxg4 {[%mdl 4096] Endgame KRB-KR} Kd4 76. Ra6 Bd5 77. Kg6 Ke5 78. Ra5 Rg1 79. Kg5 Rh1 80. Kg6 Rh8 81. g5 Rg8+ 82. Kh6 Kd4 83. g6 Ke5 {Accuracy: White = 40%, Black = 35%.} 1/2-1/2

[Event "23rd Hoogeveen Open 2019"]
[Site "Hoogeveen"]
[Date "2019.10.24"]
[Round "7.32"]
[White "Nicolai, Amir"]
[Black "Gijsen, William"]
[Result "1-0"]
[WhiteElo "2117"]
[BlackElo "2091"]
[Annotator "NA"]
[PlyCount "47"]
[EventDate "2019.10.19"]
[EventType "swiss"]
[EventCountry "NED"]
[SourceTitle "playchess.com"]
[Source "ChessBase"]
[SourceQuality "1"]
[TimeControl "40/5400+30:1800+30"]

1. b4 {[%emt 0:00:00]} e5 {[%emt 0:00:32]} 2. a3 {[%emt 0:00:00]} d5 {[%emt 0:00:44]} 3. Bb2 {[%emt 0:00:00]} Bd6 {[%emt 0:01:33]} 4. c4 {[%emt 0:00:00]} dxc4 {[%emt 0:01:37]} 5. e3 {[%emt 0:00:24]} Be6 {[%emt 0:02:06]} 6. Qc2 {[%emt 0:01:01]} Nd7 {[%emt 0:06:22]} 7. Nf3 {[%emt 0:09:59]} b5 {[%emt 0:10:34]} 8. d3 {[%emt 0:00:52]} Bf5 {[%emt 0:04:52]} 9. e4 {[%emt 0:01:48]} cxd3 {[%emt 0:03:24]} 10. Bxd3 {[%emt 0:00:54]} Bg4 {[%emt 0:00:37]} 11. Bxb5 {[%emt 0:01:13]} Bxf3 {[%emt 0:01:57]} 12. gxf3 {[%emt 0:00:29]} Ngf6 {[%emt 0:01:06]} 13. Nd2 {[%emt 0:04:42]} O-O {[%emt 0:01:29]} 14. Nc4 {[%emt 0:03:31]} Rb8 {[%emt 0:13:28]} 15. Bc6 {[%emt 0:02:24]} Qe7 {[%emt 0:00:12]} 16. O-O-O {[%emt 0:12:52]} Nb6 {[%emt 0:02:29]} 17. Ne3 {[%emt 0:01:03]} Qe6 {[%emt 0:05:20]} 18. Rhg1 {[%emt 0:03:02]} Rfd8 {[%emt 0:00:31]} 19. f4 {[%emt 0:02:54]} exf4 {[%emt 0:04:36]} 20. Bd5 {[%emt 0:10:08]} Nbxd5 {[%emt 0:14:18]} 21. exd5 {[%emt 0:00:34]} Qh3 {[%emt 0:01:31]} 22. Bxf6 {[%emt 0:02:02]} fxe3 {[%emt 0:00:26]} 23. Rxg7+ {[%emt 0:00:11]} Kf8 {[%emt 0:00:19]} 24. Rxh7 {[%emt 0:00:14]} 1-0

[Event "23rd Hoogeveen Open 2019"]
[Site "Hoogeveen"]
[Date "2019.10.24"]
[Round "7.33"]
[White "Boersma, Jan"]
[Black "Shakhverdian, William"]
[Result "1/2-1/2"]
[WhiteElo "2070"]
[BlackElo "2109"]
[Annotator "NA"]
[PlyCount "103"]
[EventDate "2019.10.19"]
[EventType "swiss"]
[EventCountry "NED"]
[SourceTitle "playchess.com"]
[Source "ChessBase"]
[SourceQuality "1"]
[TimeControl "40/5400+30:1800+30"]

1. e4 {[%emt 0:00:00]} e5 {[%emt 0:00:00]} 2. Nc3 {[%emt 0:00:00]} Nc6 {[%emt 0:00:05]} 3. Nf3 {[%emt 0:02:10]} Nf6 {[%emt 0:00:07]} 4. Bb5 {[%emt 0:00:05]} Bc5 {[%emt 0:00:06]} 5. O-O {[%emt 0:00:24]} O-O {[%emt 0:00:05]} 6. Nxe5 {[%emt 0:00:11]} Nxe5 {[%emt 0:00:09]} 7. d4 {[%emt 0:00:02]} a6 {[%emt 0:02:40]} 8. Be2 {[%emt 0:07:21]} Bd6 {[%emt 0:00:53]} 9. dxe5 {[%emt 0:01:50]} Bxe5 {[%emt 0:00:08]} 10. Bd3 {[%emt 0:01:05]} Bxc3 {[%emt 0:03:29]} 11. bxc3 {[%emt 0:00:06]} d5 {[%emt 0:00:26]} 12. e5 {[%emt 0:00:40]} Nd7 {[%emt 0:07:17]} 13. f4 {[%emt 0:21:53]} Re8 {[%emt 0:01:15]} 14. Qh5 {[%emt 0:00:49]} g6 {[%emt 0:04:24]} 15. Qh6 {[%emt 0:02:00]} Qe7 {[%emt 0:01:51]} 16. Bd2 {[%emt 0:17:50]} Nc5 {[%emt 0:01:17]} 17. Rae1 {[%emt 0:01:32]} Nxd3 {[%emt 0:00:10]} 18. cxd3 {[%emt 0:00:03]} Bf5 {[%emt 0:00:13]} 19. Rf3 {[%emt 0:00:57]} Qf8 {[%emt 0:00:09]} 20. Qh4 {[%emt 0:00:08]} Qe7 {[%emt 0:01:38]} 21. Qf2 {[%emt 0:00:34]} c5 {[%emt 0:02:24]} 22. h3 {[%emt 0:00:14]} h5 {[%emt 0:00:20]} 23. Rg3 {[%emt 0:03:25]} c4 {[%emt 0:04:39]} 24. dxc4 {[%emt 0:00:43]} dxc4 {[%emt 0:00:07]} 25. Be3 {[%emt 0:00:07]} b5 {[%emt 0:02:30]} 26. Bd4 {[%emt 0:18:01]} Qe6 {[%emt 0:00:28]} 27. Qe2 {[%emt 0:02:15]} Rad8 {[%emt 0:03:52]} 28. Qxh5 {[%emt 0:02:36]} Rxd4 {[%emt 0:00:40]} 29. cxd4 {[%emt 0:00:03]} Qd7 {[%emt 0:01:43]} 30. d5 {[%emt 0:00:30]} c3 {[%emt 0:00:34]} 31. Kh2 {[%emt 0:08:00]} c2 {[%emt 0:00:32]} 32. e6 {[%emt 0:05:48]} Qxd5 {[%emt 0:17:30]} 33. exf7+ {[%emt 0:00:43]} Qxf7 {[%emt 0:00:04]} 34. Rxe8+ {[%emt 0:00:06]} Qxe8 {[%emt 0:00:06]} 35. Qxf5 {[%emt 0:00:02]} c1=Q {[%emt 0:00:11]} 36. Rxg6+ {[%emt 0:00:03]} Qxg6 {[%emt 0:00:15]} 37. Qxg6+ {[%emt 0:00:04]} Kf8 {[%emt 0:00:08]} 38. Qd6+ {[%emt 0:00:37]} Kf7 {[%emt 0:00:05]} 39. f5 {[%emt 0:01:18]} Qc4 {[%emt 0:01:26]} 40. Qg6+ {[%emt 0:00:52]} Kf8 {[%emt 0:00:08]} 41. Qf6+ {[%emt 0:33:46]} Ke8 {[%emt 0:30:50]} 42. h4 {[%emt 0:00:00]} Qxa2 {[%emt 0:00:00]} 43. h5 {[%emt 0:00:00]} Qg8 {[%emt 0:00:00]} 44. Qxa6 {[%emt 0:00:00]} Qc4 {[%emt 0:00:00]} 45. Qg6+ {[%emt 0:00:00]} Kd7 {[%emt 0:00:00]} 46. Qg7+ {[%emt 0:00:00]} Ke8 {[%emt 0:00:00]} 47. Qe5+ {[%emt 0:00:00]} Kf7 {[%emt 0:00:00]} 48. g3 {[%emt 0:00:00]} Qc6 {[%emt 0:00:00]} 49. g4 {[%emt 0:00:00]} b4 {[%emt 0:00:00]} 50. Qb8 {[%emt 0:00:00]} Qc2+ {[%emt 0:00:00]} 51. Kh3 {[%emt 0:00:00]} Qc3+ {[%emt 0:00:00]} 52. Kh4 {[%emt 0:00:00]} 1/2-1/2

[Event "23rd Hoogeveen Open 2019"]
[Site "Hoogeveen"]
[Date "2019.10.24"]
[Round "7.34"]
[White "Merkon, Oseb"]
[Black "Stavast, Dick"]
[Result "0-1"]
[WhiteElo "1930"]
[BlackElo "2068"]
[Annotator "NA"]
[PlyCount "46"]
[EventDate "2019.10.19"]
[EventType "swiss"]
[EventCountry "NED"]
[SourceTitle "playchess.com"]
[Source "ChessBase"]
[SourceQuality "1"]
[TimeControl "40/5400+30:1800+30"]

1. c4 {[%emt 0:00:00]} d6 {[%emt 0:00:00]} 2. Nc3 {[%emt 0:00:00]} e5 {[%emt 0:00:00]} 3. g3 {[%emt 0:00:00]} f5 {[%emt 0:01:03]} 4. Bg2 {[%emt 0:00:00]} Nf6 {[%emt 0:00:15]} 5. d4 {[%emt 0:06:01]} Be7 {[%emt 0:00:30]} 6. dxe5 {[%emt 0:05:48]} dxe5 {[%emt 0:00:11]} 7. Qxd8+ {[%emt 0:07:47]} Bxd8 {[%emt 0:02:47]} 8. e4 {[%emt 0:05:47]} fxe4 {[%emt 0:06:56]} 9. Nxe4 {[%emt 0:00:55]} Nbd7 {[%emt 0:02:12]} 10. Be3 {[%emt 0:03:06]} Nxe4 {[%emt 0:01:06]} 11. Bxe4 {[%emt 0:00:06]} Nf6 {[%emt 0:00:08]} 12. Bg2 {[%emt 0:05:10]} c6 {[%emt 0:06:15]} 13. Nf3 {[%emt 0:03:03]} e4 {[%emt 0:15:11]} 14. Nd2 {[%emt 0:02:23]} Be6 {[%emt 0:10:06]} 15. Bxe4 {[%emt 0:15:24]} Ba5 {[%emt 0:04:33]} 16. Bd3 {[%emt 0:02:06]} O-O-O {[%emt 0:01:44]} 17. Be2 {[%emt 0:02:12]} Ne4 {[%emt 0:04:11]} 18. Rd1 {[%emt 0:06:01]} Nxd2 {[%emt 0:01:37]} 19. Bxd2 {[%emt 0:00:12]} Rxd2 {[%emt 0:00:12]} 20. Rxd2 {[%emt 0:07:11]} Rd8 {[%emt 0:00:07]} 21. O-O {[%emt 0:03:32]} Rxd2 {[%emt 0:00:26]} 22. Bh5 {[%emt 0:01:28]} Bh3 {[%emt 0:01:48]} 23. Rc1 {[%emt 0:01:51]} Rxb2 {[%emt 0:01:27]} 0-1

[Event "23rd Hoogeveen Open 2019"]
[Site "Hoogeveen"]
[Date "2019.10.24"]
[Round "7.35"]
[White "Mijnster, Niels"]
[Black "Van der Veen, Jan"]
[Result "1-0"]
[WhiteElo "2145"]
[BlackElo "2043"]
[Annotator "NA"]
[PlyCount "74"]
[EventDate "2019.10.19"]
[EventType "swiss"]
[EventCountry "NED"]
[SourceTitle "playchess.com"]
[Source "ChessBase"]
[SourceQuality "1"]
[TimeControl "40/5400+30:1800+30"]

1. d4 {[%emt 0:00:00]} Nf6 {[%emt 0:02:15]} 2. c4 {[%emt 0:00:00]} d6 {[%emt 0:00:37]} 3. Nf3 {[%emt 0:00:00]} g6 {[%emt 0:00:31]} 4. Nc3 {[%emt 0:00:00]} Bg7 {[%emt 0:00:05]} 5. e4 {[%emt 0:00:20]} O-O {[%emt 0:00:07]} 6. Be2 {[%emt 0:00:02]} e5 {[%emt 0:03:04]} 7. dxe5 {[%emt 0:00:45]} dxe5 {[%emt 0:00:06]} 8. O-O {[%emt 0:02:04]} Nbd7 {[%emt 0:04:40]} 9. Qc2 {[%emt 0:02:15]} c6 {[%emt 0:00:36]} 10. h3 {[%emt 0:00:06]} h6 {[%emt 0:08:39]} 11. Be3 {[%emt 0:01:45]} Nh5 {[%emt 0:02:28]} 12. Rfd1 {[%emt 0:02:55]} Nf4 {[%emt 0:11:35]} 13. Bf1 {[%emt 0:09:16]} Qf6 {[%emt 0:08:03]} 14. g3 {[%emt 0:07:39]} Ne6 {[%emt 0:00:06]} 15. Be2 {[%emt 0:01:11]} Re8 {[%emt 0:02:16]} 16. b4 {[%emt 0:02:19]} a5 {[%emt 0:03:50]} 17. b5 {[%emt 0:09:40]} Ndc5 {[%emt 0:08:31]} 18. bxc6 {[%emt 0:02:37]} bxc6 {[%emt 0:00:37]} 19. Rab1 {[%emt 0:03:45]} Rd8 {[%emt 0:11:22]} 20. Nd5 {[%emt 0:04:56]} cxd5 {[%emt 0:01:34]} 21. cxd5 {[%emt 0:00:02]} Ba6 {[%emt 0:15:04]} 22. dxe6 {[%emt 0:11:17]} Nxe6 {[%emt 0:00:03]} 23. Rxd8+ {[%emt 0:04:59]} Qxd8 {[%emt 0:02:38]} 24. Bb6 {[%emt 0:01:34]} Qd7 {[%emt 0:03:31]} 25. Bxa6 {[%emt 0:07:37]} Rxa6 {[%emt 0:00:01]} 26. Kg2 {[%emt 0:04:00]} Ra8 {[%emt 0:01:17]} 27. Rd1 {[%emt 0:03:44]} Qb7 {[%emt 0:00:43]} 28. Be3 {[%emt 0:02:15]} Rc8 {[%emt 0:04:14]} 29. Qb1 {[%emt 0:00:25]} Qxb1 {[%emt 0:01:29]} 30. Rxb1 {[%emt 0:00:46]} Rc2 {[%emt 0:01:35]} 31. Rb8+ {[%emt 0:01:46]} Kh7 {[%emt 0:00:33]} 32. Rb5 {[%emt 0:00:02]} Rxa2 {[%emt 0:00:10]} 33. Nxe5 {[%emt 0:00:04]} Nc7 {[%emt 0:01:24]} 34. Rc5 {[%emt 0:00:34]} Ne6 {[%emt 0:00:04]} 35. Rd5 {[%emt 0:01:17]} Nc7 {[%emt 0:00:16]} 36. Rc5 {[%emt 0:04:56]} Kg8 {[%emt 0:00:11]} 37. Rc4 Rc2 {[%emt 0:00:03]} 1-0

[Event "23rd Hoogeveen Open 2019"]
[Site "Hoogeveen"]
[Date "2019.10.24"]
[Round "7.36"]
[White "Noordenbos, Daan"]
[Black "Klaren, Duncan"]
[Result "1/2-1/2"]
[WhiteElo "2133"]
[BlackElo "1923"]
[Annotator "NA"]
[PlyCount "47"]
[EventDate "2019.10.19"]
[EventType "swiss"]
[EventCountry "NED"]
[SourceTitle "playchess.com"]
[Source "ChessBase"]
[SourceQuality "1"]
[TimeControl "40/5400+30:1800+30"]

1. e4 {[%emt 0:00:00]} c5 {[%emt 0:00:00]} 2. Nf3 {[%emt 0:00:00]} d6 {[%emt 0:00:00]} 3. d4 {[%emt 0:00:00]} cxd4 {[%emt 0:00:00]} 4. Nxd4 {[%emt 0:00:00]} Nf6 {[%emt 0:00:00]} 5. Nc3 {[%emt 0:00:04]} a6 {[%emt 0:00:00]} 6. Bg5 {[%emt 0:00:07]} Nbd7 {[%emt 0:00:03]} 7. Qf3 {[%emt 0:00:08]} Qa5 {[%emt 0:01:33]} 8. h4 {[%emt 0:00:25]} e6 {[%emt 0:01:55]} 9. O-O-O {[%emt 0:04:16]} Be7 {[%emt 0:03:11]} 10. Be2 {[%emt 0:03:30]} Qc7 {[%emt 0:00:52]} 11. g4 {[%emt 0:12:12]} b5 {[%emt 0:03:07]} 12. Qg2 {[%emt 0:03:44]} b4 {[%emt 0:01:31]} 13. Na4 {[%emt 0:01:44]} Bb7 {[%emt 0:02:56]} 14. f3 {[%emt 0:01:34]} Rc8 {[%emt 0:01:58]} 15. Bf1 {[%emt 0:02:20]} Qa5 {[%emt 0:03:41]} 16. b3 {[%emt 0:00:56]} Nc5 {[%emt 0:03:34]} 17. Kb1 {[%emt 0:02:59]} Nfxe4 {[%emt 0:17:46]} 18. fxe4 {[%emt 0:00:44]} Bxe4 {[%emt 0:00:41]} 19. Qh2 {[%emt 0:00:33]} Nxa4 {[%emt 0:00:41]} 20. bxa4 {[%emt 0:00:05]} Bxg5 {[%emt 0:03:35]} 21. hxg5 {[%emt 0:00:15]} e5 {[%emt 0:01:11]} 22. Bg2 {[%emt 0:08:03]} Bxg2 {[%emt 0:01:27]} 23. Qxg2 {[%emt 0:00:14]} exd4 {[%emt 0:00:11]} 24. g6 {[%emt 0:08:58]} 1/2-1/2

[Event "23rd Hoogeveen Open 2019"]
[Site "Hoogeveen"]
[Date "2019.10.24"]
[Round "7.37"]
[White "Labruyere, Roger"]
[Black "Fehr, Axel"]
[Result "0-1"]
[WhiteElo "1932"]
[BlackElo "2045"]
[Annotator "NA"]
[PlyCount "66"]
[EventDate "2019.10.19"]
[EventType "swiss"]
[EventCountry "NED"]
[SourceTitle "playchess.com"]
[Source "ChessBase"]
[SourceQuality "1"]
[TimeControl "40/5400+30:1800+30"]

1. e4 {[%emt 0:00:00]} c5 {[%emt 0:00:00]} 2. Nf3 {[%emt 0:00:00]} d6 {[%emt 0:00:00]} 3. d4 {[%emt 0:00:00]} cxd4 {[%emt 0:00:00]} 4. Nxd4 {[%emt 0:00:01]} Nf6 {[%emt 0:00:00]} 5. Nc3 {[%emt 0:00:05]} a6 {[%emt 0:00:00]} 6. g3 {[%emt 0:00:12]} e5 {[%emt 0:00:53]} 7. Nb3 {[%emt 0:00:03]} Be7 {[%emt 0:01:43]} 8. Bg2 {[%emt 0:00:12]} Nbd7 {[%emt 0:06:06]} 9. a4 {[%emt 0:00:14]} O-O {[%emt 0:01:40]} 10. a5 {[%emt 0:00:42]} Qc7 {[%emt 0:01:11]} 11. O-O {[%emt 0:00:33]} b5 {[%emt 0:01:09]} 12. axb6 {[%emt 0:00:07]} Nxb6 {[%emt 0:00:06]} 13. Bg5 {[%emt 0:01:42]} Bg4 {[%emt 0:04:10]} 14. Qd3 {[%emt 0:02:42]} Be6 {[%emt 0:06:21]} 15. Nd2 {[%emt 0:02:49]} Nc4 {[%emt 0:19:34]} 16. Rfb1 {[%emt 0:19:45]} Rfc8 {[%emt 0:03:46]} 17. Nxc4 {[%emt 0:03:34]} Bxc4 {[%emt 0:00:46]} 18. Qd2 {[%emt 0:00:04]} h6 {[%emt 0:05:47]} 19. Bxf6 {[%emt 0:01:56]} Bxf6 {[%emt 0:00:09]} 20. Rd1 {[%emt 0:00:09]} Rab8 {[%emt 0:06:13]} 21. Bh3 {[%emt 0:07:07]} Rd8 {[%emt 0:04:32]} 22. b3 {[%emt 0:02:56]} Be6 {[%emt 0:00:45]} 23. Bxe6 {[%emt 0:04:53]} fxe6 {[%emt 0:00:09]} 24. Rxa6 {[%emt 0:08:37]} Rdc8 {[%emt 0:08:59]} 25. Na4 {[%emt 0:00:43]} Qxc2 {[%emt 0:01:19]} 26. Qxd6 {[%emt 0:07:57]} Qxb3 {[%emt 0:00:41]} 27. Nc5 {[%emt 0:02:59]} Rxc5 {[%emt 0:00:17]} 28. Rda1 {[%emt 0:02:26]} Rcb5 {[%emt 0:06:30]} 29. R6a3 {[%emt 0:11:33]} Qc4 {[%emt 0:02:39]} 30. Ra4 {[%emt 0:00:40]} Rb1+ {[%emt 0:01:29]} 31. Kg2 {[%emt 0:01:38]} Qf1+ {[%emt 0:02:30]} 32. Kf3 {[%emt 0:00:05]} R1b3+ {[%emt 0:02:46]} 33. Kg4 {[%emt 0:00:44]} h5+ {[%emt 0:00:07]} 0-1